000 00409nam a2200133Ia 4500
008 100328s9999 xx 000 0 und d
082 _b66747
100 _aगाडे सोपान.
245 _aसाहेब-शरद पवार.
260 _bआविष्कार.
630 _aसाहेब-शरद पवार.
730 _aसाहेब-शरद पवार.
942 _cBOOK
999 _c552486
_d552483